Statistics for All of Jeff Gordon's Wins

Click here to take the quiz!

General Stats

  • This quiz has been taken 22 times
  • The average score is 61 of 93

Answer Stats

#YearRaceAnswer% Correct
51995Food City 500Bristol Motor Speedway
92%
201997Daytona 500Daytona International Speedway
92%
702005Daytona 500Daytona International Speedway
92%
61995Pepsi 400Daytona International Speedway
92%
431999Daytona 500Daytona International Speedway
92%
21994Brickyard 400Indianapolis Motor Speedway
92%
912014Pure Michigan 400Michigan International Speedway
92%
251997Pocono 500Pocono Raceway
92%
471999Frontier @ the GlenWatkins Glen International
92%
572001Global Crossing at the GlenWatkins Glen International
92%
361998The Bud at the GlenWatkins Glen International
92%
271997The Bud at the GlenWatkins Glen International
92%
311998Food City 500Bristol Motor Speedway
83%
121996Food City 500Bristol Motor Speedway
83%
221997Food City 500Bristol Motor Speedway
83%
11994Coca-Cola 600Charlotte Motor Speedway
83%
161996Mountain Dew Southern 500Darlington Raceway
83%
602002Mountain Dew Southern 500Darlington Raceway
83%
391998Pepsi Southern 500Darlington Raceway
83%
281997Mountain Dew Southern 500Darlington Raceway
83%
81995Mountain Dew Southern 500Darlington Raceway
83%
682004Pepsi 400Daytona International Speedway
83%
351998Brickyard 400Indianapolis Motor Speedway
83%
692004Brickyard 400Indianapolis Motor Speedway
83%
562001Brickyard 400Indianapolis Motor Speedway
83%
341998Pennsylvania 500Pocono Raceway
83%
792007Pocono 500Pocono Raceway
83%
862012Pennsylvania 400Pocono Raceway
83%
451999California 500California Speedway
75%
261997California 500California Speedway
75%
241997Coca-Cola 600Charlotte Motor Speedway
75%
321998Coca-Cola 600Charlotte Motor Speedway
75%
401998Pepsi 400Daytona International Speedway
75%
812007Bank of America 500Lowe's Motor Speedway
75%
622003Virginia 500Martinsville Speedway
75%
932015Goody's Headache Relief Shot 500Martinsville Speedway
75%
882013Goody's Headache Relief Shot 500Martinsville Speedway
75%
592002Sharpie 500Bristol Motor Speedway
67%
662004Auto Club 500California Speedway
67%
542001MBNA Platinum 400Dover Downs International Speedway
67%
672004Dodge/Save Mart 350Infineon Raceway
67%
742006Dodge/Save Mart 350Infineon Raceway
67%
191996Tyson Holly Farms 400North Wilkesboro Speedway
67%
331998Save Mart/Kragen 350Sears Point Raceway
67%
512000Save Mart/Kragen 350Sears Point Raceway
67%
652004Aaron's 499Talladega Superspeedway
67%
722005Aaron's 499Talladega Superspeedway
67%
772007Aaron's 499Talladega Superspeedway
67%
41995Purolator 500Atlanta Motor Speedway
58%
421998NAPA 500Atlanta Motor Speedway
58%
441999Cracker Barrel 500Atlanta Motor Speedway
58%
171996MBNA 500Dover Downs International Speedway
58%
91995MBNA 500Dover Downs International Speedway
58%
922014AAA 400Dover International Speedway
58%
872012Ford EcoBoost 400Homestead-Miami Speedway
58%
902014John Wayne Walding 400Indianapolis Motor Speedway
58%
231997Goody's Headache Powder 500Martinsville Speedway
58%
632003Subway 500Martinsville Speedway
58%
381998Farm Aid on CMT 300New Hampshire International Speedway
58%
71995Slick 50 300New Hampshire International Speedway
58%
291997CMT 300New Hampshire International Speedway
58%
762007Subway Fresh Fit 500Phoenix International Raceway
58%
832011Subway Fresh Fit 500Phoenix International Raceway
58%
461999Save Mart/Kragen 350Sears Point Raceway
58%
502000DieHard 500Talladega Superspeedway
58%
151996DieHard 500Talladega Superspeedway
58%
752006USG Sheetrock 400Chicagoland Speedway
50%
8920145-Hour Energy 400Kansas Speedway
50%
582001Protection One 400Kansas Speedway
50%
532001UAW-Daimler Chrysler 400Las Vegas Motor Speedway
50%
732005Subway 500Martinsville Speedway
50%
31995Goodwrench 500North Carolina Motor Speedway
50%
211997Goodwrench Service 400North Carolina Motor Speedway
50%
301998GM Goodwrench Service Plus 400North Carolina Speedway
50%
411998AC Delco 400North Carolina Speedway
50%
101996Pontiac Excitement 400Richmond International Raceway
50%
822009Samsung 500Texas Motor Speedway
50%
642003Bass Pro Shops MBNA 500Atlanta Motor Speedway
42%
852011AdvoCare 500Atlanta Motor Speedway
42%
111996TranSouth Financial 400Darlington Raceway
42%
782007Dodge Avenger 500Darlington Raceway
42%
131996Miller 500Dover Downs International Speedway
42%
612002Protection One 400Kansas Speedway
42%
181996Hanes 500Martinsville Speedway
42%
552001Kmart 400Michigan International Speedway
42%
371998Pepsi 400Michigan Speedway
42%
491999UAW-GM Quality 500Lowe's Motor Speedway
33%
481999NAPA AutoCare 500Martinsville Speedway
33%
712005Advance Auto Parts 500Martinsville Speedway
33%
141996UAW-GM Teamwork 500Pocono Raceway
33%
8420115-Hour Energy 500Pocono Raceway
33%
522000Chevrolet Monte Carlo 400Richmond International Raceway
33%
802007UAW-Ford 500Talladega Superspeedway
33%

Score Distribution

Percentile by Number Answered

Percent of People with Each Score

Your Score History

You have not taken this quiz